Madden NFL 24 Top 50 TEs - Statistics

General Stats
  • This quiz has been taken 360 times
  • The average score is 26 of 50
Answer Stats
Club Overall Player % Correct
San Francisco 49ers 96 George Kittle
99%
Baltimore Ravens 95 Mark Andrews
99%
Kansas City Chiefs 99 Travis Kelce
99%
Minnesota Vikings 90 T.J. Hockenson
97%
Atlanta Falcons 87 Kyle Pitts
94%
Philadelphia Eagles 89 Dallas Goedert
91%
Cleveland Browns 84 David Njoku
85%
Jacksonville Jaguars 84 Evan Engram
83%
New York Giants 86 Darren Waller
82%
Buffalo Bills 83 Dawson Knox
82%
Arizona Cardinals 83 Zach Ertz
77%
Houston Texans 82 Dalton Schultz
76%
New England Patriots 81 Hunter Henry
75%
Chicago Bears 79 Cole Kmet
71%
Buffalo Bills 76 Dalton Kincaid
70%
Pittsburgh Steelers 85 Pat Freiermuth
69%
Seattle Seahawks 78 Noah Fant
65%
Los Angeles Rams 80 Tyler Higbee
65%
Cincinnati Bengals 75 Irv Smith Jr
59%
Atlanta Falcons 74 Jonnu Smith
59%
Arizona Cardinals 74 Trey McBride
59%
Los Angeles Chargers 82 Gerald Everett
56%
New England Patriots 81 Mike Gesicki
56%
New York Jets 78 Tyler Conklin
50%
New Orleans Saints 75 Juwan Johnson
48%
Carolina Panthers 80 Hayden Hurst
47%
Baltimore Ravens 72 Isaiah Likely
44%
Tampa Bay Buccaneers 73 Cade Otton
43%
Dallas Cowboys 71 Jake Ferguson
43%
New Orleans Saints 73 Taysom Hill
43%
Indianapolis Colts 73 Mo Alie-Cox
42%
Seattle Seahawks 77 Will Dissly
41%
Carolina Panthers 72 Ian Thomas
39%
Washington Commanders 72 Logan Thomas
39%
Las Vegas Raiders 73 Austin Hooper
36%
Las Vegas Raiders 75 Michael Mayer
36%
New York Jets 76 C.J. Uzomah
33%
Carolina Panthers 71 Tommy Tremble
32%
Chicago Bears 79 Marcedes Lewis
31%
New York Giants 70 Daniel Bellinger
30%
Chicago Bears 77 Robert Tonyan
29%
Denver Broncos 72 Adam Trautman
25%
Tennessee Titans 71 Chigoziem Okonkwo
23%
Denver Broncos 74 Greg Dulcich
20%
New Orleans Saints 74 Foster Moreau
17%
Minnesota Vikings 72 Josh Oliver
17%
Seattle Seahawks 70 Colby Parkinson
13%
Indianapolis Colts 70 Jelani Woods
11%
Cleveland Browns 73 Jordan Akins
8%
Denver Broncos 70 Chris Manhertz
3%
No matching quizzes found
Score Distribution
Percent of People with Each Score
Percentile by Number Answered
Your Score History
You have not taken this quiz